000 00294nam a2200121Ia 4500
005 20251222152620.0
008 251222s9999||||xx |||||||||||||| ||spa||
020 _a8470574108
082 _a270/K94
100 _aKung, Hans
245 0 _aEl Cristianismo y las Grandes Religiones:
942 _cLIB
999 _c27324
_d27324